[Event "Ufa Penzina Memorial"]
[Site "Ufa"]
[Date "2023.08.09"]
[Round "4"]
[White "Vasilieva, Darya"]
[Black "Nazarova, Kamila"]
[Result "0-1"]
[WhiteElo "1363"]
[BlackElo "1644"]
[PlyCount "80"]
[EventDate "2023.08.06"]
[EventType "swiss"]
[EventRounds "9"]
[EventCountry "RUS"]
[SourceTitle "CBM 215 Extra"]
[Source "ChessBase"]
[SourceDate "2023.09.30"]
[SourceVersion "1"]
[SourceVersionDate "2023.09.30"]
[SourceQuality "1"]

1. d4 d5 2. c4 c6 3. Nf3 Nf6 4. g3 dxc4 5. Bg2 g6 6. 0-0 Bg7 7. Ne5 Be6 8. e4 0-0 9. Be3 Nbd7 10. Nxd7 Qxd7 11. Re1 Bh3 12. e5 Nd5 13. Bxh3 Qxh3 14. Qe2 b5 15. Nd2 Qf5 16. a3 a5 17. Rac1 h5 18. f3 Rfd8 19. Ne4 Nxe3 20. Qxe3 Qd7 21. Red1 Qa7 22. Nc5 e6 23. Rd2 Rd5 24. f4 Rad8 25. Rcd1 Bf8 26. Ne4 Be7 27. Kg2 Kg7 28. h3 c5 29. dxc5 Rxd2+ 30. Rxd2 Rxd2+ 31. Qxd2 Qc7 32. Kf3 Bxc5 33. Qb4 Qxe5 34. Qxa5 Qd5 35. Qd2 Bd4 36. g4 hxg4+ 37. hxg4 Bxb2 38. Qxd5 exd5 39. Nd6 c3 40. Ke2 c2 0-1

[Event "Ufa Penzina Memorial"]
[Site "Ufa"]
[Date "2023.08.06"]
[Round "1"]
[White "Nazarova, Kamila"]
[Black "Lysenko, Margarita"]
[Result "0-1"]
[WhiteElo "1644"]
[BlackElo "2257"]
[PlyCount "102"]
[EventDate "2023.08.06"]
[EventType "swiss"]
[EventRounds "9"]
[EventCountry "RUS"]
[SourceTitle "CBM 215 Extra"]
[Source "ChessBase"]
[SourceDate "2023.09.30"]
[SourceVersion "1"]
[SourceVersionDate "2023.09.30"]
[SourceQuality "1"]

1. d4 Nf6 2. Bf4 d5 3. e3 c5 4. Nf3 Nc6 5. c3 Qb6 6. Na3 c4 7. Qc1 Bf5 8. Be2 e6 9. Nb1 Be7 10. 0-0 0-0 11. Nbd2 h6 12. b3 Qa5 13. b4 Nxb4 14. cxb4 Bxb4 15. a3 Be7 16. Ne5 Rac8 17. g4 Bh7 18. g5 Ne4 19. Nxe4 Bxe4 20. gxh6 g5 21. Bg3 f6 22. Nf3 c3 23. Ne1 c2 24. Nd3 b6 25. f3 Bxd3 26. Bxd3 Qc3 27. Ba6 b5 28. Bxc8 Rxc8 29. Be1 Qxa1 30. Qxa1 c1Q 31. Qxc1 Rxc1 32. Bb4 Rxf1+ 33. Kxf1 Bxb4 34. axb4 Kh7 35. Kf2 Kxh6 36. Kg3 Kh5 37. e4 dxe4 38. fxe4 Kg6 39. Kf3 f5 40. h3 Kf6 41. Ke3 Ke7 42. Kf3 Kd7 43. Ke3 Kc7 44. Kf3 Kb6 45. d5 fxe4+ 46. Kxe4 exd5+ 47. Kxd5 a5 48. bxa5+ Kxa5 49. Ke5 b4 50. Kf5 b3 51. Kxg5 b2 0-1

[Event "Sterlitamak-ch U16 Girls 2"]
[Site "Sterlitamak"]
[Date "2016.08.17"]
[Round "1"]
[White "Nazarova, Kamila"]
[Black "Fakhritdinova, Elvina"]
[Result "1/2-1/2"]
[WhiteElo "1634"]
[BlackElo "1711"]
[PlyCount "68"]
[EventDate "2016.08.17"]
[EventType "tourn"]
[EventRounds "9"]
[EventCountry "RUS"]
[SourceTitle "EXT 2022"]
[Source "ChessBase"]
[SourceDate "2021.10.06"]
[SourceVersion "1"]
[SourceVersionDate "2021.10.06"]
[SourceQuality "1"]

1. d4 Nf6 2. Nf3 g6 3. Bf4 Bg7 4. e3 0-0 5. Be2 d6 6. 0-0 c5 7. Nbd2 cxd4 8. exd4 Nbd7 9. c3 Rb8 10. a4 b6 11. Rc1 Ne8 12. Nc4 Nc7 13. Re1 Ba6 14. b4 Bxc4 15. Bxc4 Nf6 16. Qb3 h6 17. Re2 Nh5 18. Bd2 d5 19. Bd3 Ne6 20. g3 Nc7 21. Ne5 Bxe5 22. Rxe5 Kg7 23. Ree1 e6 24. Qd1 Nf6 25. f4 Nce8 26. g4 Nd6 27. Qe2 Nfe4 28. f5 Nxd2 29. Qxd2 Qh4 30. Qe2 gxf5 31. gxf5 Kh8 32. fxe6 Rg8+ 33. Kh1 fxe6 34. Qxe6 Ne4 1/2-1/2

[Event "Sterlitamak-ch U19"]
[Site "Sterlitamak"]
[Date "2016.04.30"]
[Round "9.5"]
[White "Mikhailov, Denis1111"]
[Black "Nazarova, Kamila"]
[Result "0-1"]
[WhiteElo "1332"]
[BlackElo "1500"]
[PlyCount "20"]
[EventDate "2016.04.11"]
[EventType "swiss"]
[EventRounds "9"]
[EventCountry "RUS"]
[SourceTitle "EXT 2022"]
[Source "ChessBase"]
[SourceDate "2021.10.06"]
[SourceVersion "1"]
[SourceVersionDate "2021.10.06"]
[SourceQuality "1"]

1. d4 d5 2. c4 e6 3. Nc3 Nf6 4. Bg5 Nbd7 5. Nf3 c6 6. e3 Qa5 7. Bd3 dxc4 8. Bxc4 Ne4 9. Qc2 Nxg5 10. Nxg5 Qxg5 0-1

[Event "Sterlitamak-ch U19"]
[Site "Sterlitamak"]
[Date "2016.04.13"]
[Round "2.5"]
[White "Nazarova, Kamila"]
[Black "Talachev, Ilya"]
[Result "1-0"]
[WhiteElo "1500"]
[BlackElo "1621"]
[PlyCount "63"]
[EventDate "2016.04.11"]
[EventType "swiss"]
[EventRounds "9"]
[EventCountry "RUS"]
[SourceTitle "EXT 2022"]
[Source "ChessBase"]
[SourceDate "2021.10.06"]
[SourceVersion "1"]
[SourceVersionDate "2021.10.06"]
[SourceQuality "1"]

1. d4 f5 2. Nf3 Nf6 3. Bf4 d6 4. e3 g6 5. Nbd2 Bg7 6. Bd3 Nc6 7. h3 0-0 8. c3 e5 9. dxe5 dxe5 10. Bc4+ Nd5 11. Bg5 Bf6 12. Bxf6 Rxf6 13. e4 Be6 14. exd5 Bxd5 15. Bxd5+ Qxd5 16. Nb3 Qe4+ 17. Qe2 Qf4 18. g3 Qh6 19. Qc4+ Kh8 20. Qh4 Qg7 21. 0-0-0 e4 22. Nfd4 Ne5 23. Nc5 g5 24. Qh5 b6 25. Nce6 Qg8 26. Nxg5 Nd3+ 27. Rxd3 exd3 28. Rd1 c5 29. Nb3 Rd8 30. Qh4 a5 31. Nxh7 Rh6 32. Qxh6 1-0

[Event "Sterlitamak-ch U19"]
[Site "Sterlitamak"]
[Date "2016.04.11"]
[Round "1.1"]
[White "Nazarova, Kamila"]
[Black "Musin, Rinat"]
[Result "1-0"]
[WhiteElo "1500"]
[BlackElo "1730"]
[PlyCount "93"]
[EventDate "2016.04.11"]
[EventType "swiss"]
[EventRounds "9"]
[EventCountry "RUS"]
[SourceTitle "EXT 2022"]
[Source "ChessBase"]
[SourceDate "2021.10.06"]
[SourceVersion "1"]
[SourceVersionDate "2021.10.06"]
[SourceQuality "1"]

1. d4 Nf6 2. Nf3 e6 3. Bf4 b6 4. e3 Bb7 5. Nbd2 Be7 6. Bd3 0-0 7. c3 Na6 8. Qe2 Qc8 9. h3 c5 10. g4 Nd5 11. Bh2 cxd4 12. exd4 Nac7 13. g5 d6 14. 0-0-0 Ba6 15. h4 Bxd3 16. Qxd3 b5 17. h5 Qa6 18. Kb1 Qb6 19. Bg3 a5 20. g6 fxg6 21. hxg6 h6 22. Rh2 b4 23. c4 Nc3+ 24. bxc3 bxc3+ 25. Nb3 a4 26. Qxc3 axb3 27. axb3 Qa6 28. Rd2 Qb7 29. Rd3 Qa6 30. Qb2 Qc6 31. Qc3 Qa6 32. Kc2 Nd5 33. Qe1 Qa2+ 34. Kd1 Qb1+ 35. Ke2 Ra2+ 36. Rd2 Qe4+ 37. Kf1 Qxf3 38. Rxa2 Qxg3 39. Qxe6+ Kh8 40. Rh3 Qg5 41. cxd5 Qc1+ 42. Kg2 Qg5+ 43. Rg3 Qh4 44. Re2 Re8 45. Qf7 Rf8 46. Rxe7 Rg8 47. Qxg8+ 1-0